Psicología personal desde el punto de vista personalístico / (Record no. 145481)

MARC details
000 -LEADER
campo de control de longitud fija 00707nam a2200205 4500
001 - NÚMERO DE CONTROL
campo de control 145481
003 - IDENTIFICADOR DE NÚMERO DE CONTROL
campo de control ES-MaACL
005 - FECHA Y HORA DE LA ÚLTIMA TRANSACCIÓN
campo de control 20250822042348.0
007 - CAMPO FIJO DE DESCRIPCIÓN FÍSICA--INFORMACIÓN GENERAL
campo de control de longitud fija t|
008 - DATOS DE LONGITUD FIJA--INFORMACIÓN GENERAL
campo de control de longitud fija 070214s1951 ag r ||||1| spa d
100 1# - ENTRADA PRINCIPAL--NOMBRE DE PERSONA
Nombre de persona Stern, William.
9 (RLIN) 108130
245 10 - MENCIÓN DEL TÍTULO
Título Psicología personal desde el punto de vista personalístico /
Mención de responsabilidad, etc. William Stern ; [versión castellana de José Rovira Armengol].
260 ## - PUBLICACIÓN, DISTRIBUCIÓN, ETC.
Lugar de publicación, distribución, etc. Buenos Aires :
Nombre del editor, distribuidor, etc. Paidós,
Fecha de publicación, distribución, etc. [1951] (
Fabricante Macagno Landa)
300 ## - DESCRIPCIÓN FÍSICA
Extensión 2 t. ;
Dimensiones 21 cm.
490 1# - MENCIÓN DE SERIE
Mención de serie Psicologías del siglo XX
700 1# - ENTRADA AGREGADA--NOMBRE PERSONAL
Nombre de persona Rovira Armengol, José.
9 (RLIN) 100141
830 00 - PUNTO DE ACCESO ADICIONAL DE SERIE-TÍTULO UNIFORME
Título uniforme Psicologías del siglo XX
9 (RLIN) 187403
852 ## - LOCALIZACIÓN
Ubicación ES-MaACL
Número de control de estantería D-9268-69
Sublocalización o colección R.34749
Holdings
Estatus retirado Estado de pérdida Estado de daño No para préstamo Biblioteca de origen Biblioteca actual Ubicación en estantería Fecha de adquisición Fuente de adquisición Total de préstamos Signatura topográfica completa Código de barras Visto por última vez Precio de reemplazo Tipo de ítem Koha
        Biblioteca del Ateneo de Madrid Biblioteca del Ateneo de Madrid Sala Valle Inclán 17/01/2008     D-9268-69 901151857 23/02/2023 23/02/2023 Libro impreso